00338nam a22001097a 4500008004100000082001500041245010100056260003500157300000900192942001200201999001500213230619b xxu||||| |||| 00| 0 eng d a305.42bUN aREport of the Committee on the Elimination of Discrimination Agaonst Womenb(Fourteenth Session) aNew YorkbUnited Nationsc1996 a154p 2ddccBK c1366d1366